Statistics for You All Over Me (TV) - Taylor Swift (All Lyrics)

Click here to take the quiz!

General Stats

  • This quiz has been taken 9 times
  • The average score is 230 of 296

Answer Stats

Lyrics% Correct
a
100%
all
100%
and
100%
And
100%
got
100%
I
100%
learned
100%
lived
100%
me
100%
me?"
100%
no
100%
of
100%
over
100%
Stil
100%
still
100%
You
100%
you,
100%
you
100%
amount
86%
burned
86%
But
86%
clean
86%
do
86%
freedom
86%
get
86%
gets
86%
has
86%
it
86%
I've
86%
on
86%
that
86%
The
86%
the
86%
to
86%
was
86%
Was
86%
we
86%
what
86%
where
86%
be
71%
drop
71%
found
71%
Had
71%
had
71%
held
71%
Held
71%
here
71%
how
71%
in
71%
know
71%
last
71%
never
71%
off,
71%
off
71%
old
71%
out
71%
pavement
71%
rain
71%
reminds
71%
see
71%
so
71%
So
71%
tears,
71%
then
71%
time
71%
turn
71%
Were
71%
your
71%
around
57%
bathroom
57%
been,
57%
been
57%
'Cause
57%
country
57%
cried
57%
day
57%
die
57%
dollar
57%
"Don't
57%
dried
57%
graffiti
57%
I'd
57%
it's
57%
lied,
57%
like
57%
long,
57%
Lost
57%
meant
57%
myself
57%
Once
57%
one
57%
part
57%
pocket,
57%
really
57%
right
57%
roads
57%
Shouldn't
57%
stain?
57%
stalls,
57%
swore
57%
too
57%
used
57%
wasted
57%
watched
57%
Well
57%
best
43%
can
43%
cant
43%
child
43%
did,
43%
every
43%
find
43%
God
43%
grin
43%
hands
43%
June
43%
knows,
43%
leave
43%
melted
43%
met
43%
Now,
43%
pockets
43%
scratch
43%
spent
43%
traded
43%
walls
43%
wish
43%
With
43%
worst
43%
air
29%
breath
29%
breathe
29%
change
29%
'em
29%
muddy
29%
smiled,
29%
stones
29%
They
29%
tires
29%
underneath,
29%
way
29%

Score Distribution

Percentile by Number Answered

Percent of People with Each Score

Your Score History

You have not taken this quiz